000 00974nam a2200217Ia 4500
999 _c5738
_d5738
003 OSt
005 20200413112856.0
008 191128s1983 ck a gr 000 0 spa d
040 _aCO-JMCR
_cCO-JMCR
041 0 _aspa
082 0 4 _a301.6 /
_bG944d
100 1 _aJacques Guibbert, Jean,
_eautor
_92908
245 1 3 _aEl despertar de los pobladores :
_bdocumentos y testimonios sobre el desarrollo y la participación comunitaria en los barrios populares /
_cJean Jacques Guibbert ; traductora, Margarita Pacheco
260 _aBogotá :
_bENDA,
_c1983
300 _a242 páginas :
_bilustraciones en blanco y negro ;
_c20 cm
505 _aNotas previas a la edición / M. Pacheco -- El despertar de los pobladores / J. Bugnicorurt -- Asia -- Bombay- India -- La colonia Janata Y el campamento Cheeta / S.H. Banshali
650 1 4 _aPartidos políticos
_92909
650 2 4 _aIdeologías políticas
_91752
700 1 _aPacheco, Margarita,
_etraductora
_92910
942 _2ddc
_cBK